Euro 2024 Squad England - Statistics

General Stats
  • This quiz has been taken 15 times
  • The average score is 20 of 27
Answer Stats
Hint Hint Answer % Correct
24 FC Chelsea Cole Palmer
100%
10 Real Madrid Jude Bellingham
100%
19 Aston Villa Ollie Watkins
100%
7 FC Arsenal Bukayo Saka
92%
4 FC Arsenal Declan Rice
92%
9 Bayern München Harry Kane
92%
5 Manchester City John Stones
92%
1 FC Everton Jordan Pickford
92%
11 Manchester City Phil Foden
85%
8 FC Liverpool Trent Alexander-Arnold
85%
18 Newcastle United Anthony Gordon
77%
Trainer Garteh Southgate
77%
20 West Ham United Jarrod Bowen
77%
22 FC Liverpool Joe Gomez
77%
3 Manchester United Luke Shaw
77%
6 Crystal Palace Marc Guehi
77%
13 FC Arsenal Aaron Ramsdale
69%
2 Manchester City Kyle Walker
69%
25 Crystal Palace Adam Wharton
62%
17 FC Brentford Ivan Toney
62%
12 Newcastle United Keiran Trippier
62%
26 Manchester United Kobbie Mainoo
62%
15 Brighton & Hove Albion Lewis Dunk
62%
23 Crystal Palace Dean Henderson
54%
14 Aston Villa Ezri Konsa
54%
21 Crystal Palace Eberechi Eze
38%
16 FC Chelsea Conor Gallagher
23%
No matching quizzes found
Score Distribution
Percent of People with Each Score
Percentile by Number Answered
Your Score History
You have not taken this quiz